<?xml version="1.0" encoding="UTF-8"?>
<record
    xmlns:xsi="http://www.w3.org/2001/XMLSchema-instance"
    xsi:schemaLocation="http://www.loc.gov/MARC21/slim http://www.loc.gov/standards/marcxml/schema/MARC21slim.xsd"
    xmlns="http://www.loc.gov/MARC21/slim">

  <leader>01878nam0a2200325   4500</leader>
  <controlfield tag="001">RU\NLR\bibl\264457</controlfield>
  <controlfield tag="005">20260406203723.0</controlfield>
  <datafield tag="035" ind1=" " ind2=" ">
    <subfield code="a">(NLR Aleph) 000260069</subfield>
  </datafield>
  <datafield tag="090" ind1=" " ind2=" ">
    <subfield code="a">1519014</subfield>
    <subfield code="c">1519014</subfield>
  </datafield>
  <datafield tag="100" ind1=" " ind2=" ">
    <subfield code="a">20020518d2001    u  y0rusy50      ca</subfield>
  </datafield>
  <datafield tag="101" ind1="0" ind2=" ">
    <subfield code="a">rus</subfield>
  </datafield>
  <datafield tag="102" ind1=" " ind2=" ">
    <subfield code="a">RU</subfield>
  </datafield>
  <datafield tag="105" ind1=" " ind2=" ">
    <subfield code="a">a   |||||||||</subfield>
  </datafield>
  <datafield tag="200" ind1="1" ind2=" ">
    <subfield code="a">&#x41C;&#x43E;&#x43D;&#x443;&#x43C;&#x435;&#x43D;&#x442;&#x44B; &#x41F;&#x435;&#x442;&#x435;&#x440;&#x431;&#x443;&#x440;&#x433;&#x430; &#x433;&#x43B;&#x430;&#x437;&#x430;&#x43C;&#x438; &#x431;&#x435;&#x441;&#x441;&#x43C;&#x435;&#x440;&#x442;&#x43D;&#x44B;&#x445;</subfield>
    <subfield code="e">&#x413;&#x440;&#x430;&#x444;&#x438;&#x43A;&#x430;</subfield>
    <subfield code="e">&#x412;&#x44B;&#x441;&#x442;. [&#x41A;&#x430;&#x442;.], &#x421;&#x430;&#x43D;&#x43A;&#x442;-&#x41F;&#x435;&#x442;&#x435;&#x440;&#x431;&#x443;&#x440;&#x433;, &#x430;&#x43F;&#x440;.-&#x43C;&#x430;&#x439; 2001</subfield>
    <subfield code="f">[&#x421;&#x43E;&#x441;&#x442;. &#x420;.&#x421;. &#x415;&#x432;&#x441;&#x435;&#x435;&#x432;&#x430;]</subfield>
  </datafield>
  <datafield tag="210" ind1=" " ind2=" ">
    <subfield code="a">&#x421;&#x41F;&#x431;.</subfield>
    <subfield code="c">&#x411;.&#x438;.</subfield>
    <subfield code="d">2001</subfield>
  </datafield>
  <datafield tag="215" ind1=" " ind2=" ">
    <subfield code="a">57 &#x441;.</subfield>
    <subfield code="c">&#x438;&#x43B;.</subfield>
    <subfield code="d">30</subfield>
  </datafield>
  <datafield tag="300" ind1=" " ind2=" ">
    <subfield code="a">&#x412; &#x43D;&#x430;&#x434;&#x437;&#x430;&#x433;.: &#x41A;&#x43E;&#x43C;. &#x43F;&#x43E; &#x43A;&#x443;&#x43B;&#x44C;&#x442;&#x443;&#x440;&#x435; &#x410;&#x434;&#x43C;&#x438;&#x43D;&#x438;&#x441;&#x442;&#x440;&#x430;&#x446;&#x438;&#x438; &#x421;&#x430;&#x43D;&#x43A;&#x442;-&#x41F;&#x435;&#x442;&#x435;&#x440;&#x431;&#x443;&#x440;&#x433;&#x430;, &#x413;&#x43E;&#x441;. &#x43C;&#x443;&#x437;&#x435;&#x439; &#x433;&#x43E;&#x440;. &#x441;&#x43A;&#x443;&#x43B;&#x44C;&#x43F;&#x442;&#x443;&#x440;&#x44B;, &#x421;.-&#x41F;&#x435;&#x442;&#x435;&#x440;&#x431;. &#x430;&#x43A;&#x430;&#x434;. &#x441;&#x43E;&#x432;&#x440;&#x435;&#x43C;. &#x438;&#x441;&#x43A;&#x443;&#x441;&#x441;&#x442;&#x432;&#x430; &#x431;&#x435;&#x441;&#x441;&#x43C;&#x435;&#x440;&#x442;&#x43D;&#x44B;&#x445;</subfield>
  </datafield>
  <datafield tag="300" ind1=" " ind2=" ">
    <subfield code="a">&#x41D;&#x430; 3-&#x439; &#x441;.: &#x41F;&#x43E;&#x441;&#x432;&#x44F;&#x449;&#x430;&#x435;&#x442;&#x441;&#x44F; 300-&#x43B;&#x435;&#x442;&#x438;&#x44E; &#x421;&#x430;&#x43D;&#x43A;&#x442;-&#x41F;&#x435;&#x442;&#x435;&#x440;&#x431;&#x443;&#x440;&#x433;&#x430;</subfield>
  </datafield>
  <datafield tag="601" ind1="0" ind2="2">
    <subfield code="a">&#x421;&#x430;&#x43D;&#x43A;&#x442;-&#x41F;&#x435;&#x442;&#x435;&#x440;&#x431;&#x443;&#x440;&#x433;&#x441;&#x43A;&#x430;&#x44F; &#x430;&#x43A;&#x430;&#x434;&#x435;&#x43C;&#x438;&#x44F; &#x441;&#x43E;&#x432;&#x440;&#x435;&#x43C;&#x435;&#x43D;&#x43D;&#x43E;&#x433;&#x43E; &#x438;&#x441;&#x43A;&#x443;&#x441;&#x441;&#x442;&#x432;&#x430;</subfield>
    <subfield code="9">2060222</subfield>
    <subfield code="3">RU\NLR\auth\661235220</subfield>
  </datafield>
  <datafield tag="606" ind1="1" ind2=" ">
    <subfield code="a">&#x413;&#x440;&#x430;&#x444;&#x438;&#x43A;&#x430; &#x440;&#x443;&#x441;&#x441;&#x43A;&#x430;&#x44F; &#x441;&#x43E;&#x432;&#x435;&#x442;&#x441;&#x43A;&#x430;&#x44F;</subfield>
    <subfield code="x">&#x422;&#x435;&#x43C;&#x430;&#x442;&#x438;&#x43A;&#x430;</subfield>
    <subfield code="9">1066465</subfield>
    <subfield code="3">RU\NLR\auth\6696238</subfield>
  </datafield>
  <datafield tag="606" ind1="1" ind2=" ">
    <subfield code="a">&#x413;&#x440;&#x430;&#x444;&#x438;&#x43A;&#x430; &#x440;&#x443;&#x441;&#x441;&#x43A;&#x430;&#x44F; &#x441;&#x43E;&#x432;&#x435;&#x442;&#x441;&#x43A;&#x430;&#x44F;</subfield>
    <subfield code="x">&#x412;&#x44B;&#x441;&#x442;&#x430;&#x432;&#x43A;&#x438;</subfield>
    <subfield code="y">&#x421;&#x430;&#x43D;&#x43A;&#x442;-&#x41F;&#x435;&#x442;&#x435;&#x440;&#x431;&#x443;&#x440;&#x433;, &#x433;&#x43E;&#x440;&#x43E;&#x434;</subfield>
    <subfield code="z">2001</subfield>
    <subfield code="9">2258573</subfield>
    <subfield code="3">RU\NLR\auth\661354380</subfield>
  </datafield>
  <datafield tag="686" ind1=" " ind2=" ">
    <subfield code="a">&#x429;10&#x435;(2&#x420;)&#x43B;</subfield>
  </datafield>
  <datafield tag="686" ind1=" " ind2=" ">
    <subfield code="a">&#x429;153(2&#x420;=&#x420;&#x443;&#x441;)7-3&#x43B;62</subfield>
  </datafield>
  <datafield tag="702" ind1=" " ind2="1">
    <subfield code="a">&#x415;&#x432;&#x441;&#x435;&#x435;&#x432;&#x430;</subfield>
    <subfield code="b">&#x420;.</subfield>
    <subfield code="g">&#x420;&#x438;&#x442;&#x430; &#x421;.</subfield>
    <subfield code="4">220</subfield>
  </datafield>
  <datafield tag="711" ind1="0" ind2="2">
    <subfield code="4">570</subfield>
    <subfield code="a">&#x421;&#x430;&#x43D;&#x43A;&#x442;-&#x41F;&#x435;&#x442;&#x435;&#x440;&#x431;&#x443;&#x440;&#x433;&#x441;&#x43A;&#x430;&#x44F; &#x430;&#x43A;&#x430;&#x434;&#x435;&#x43C;&#x438;&#x44F; &#x441;&#x43E;&#x432;&#x440;&#x435;&#x43C;&#x435;&#x43D;&#x43D;&#x43E;&#x433;&#x43E; &#x438;&#x441;&#x43A;&#x443;&#x441;&#x441;&#x442;&#x432;&#x430; &#x431;&#x435;&#x441;&#x441;&#x43C;&#x435;&#x440;&#x442;&#x43D;&#x44B;&#x445;</subfield>
    <subfield code="3">RU\NLR\AUTH\889964002</subfield>
    <subfield code="9">424243</subfield>
  </datafield>
  <datafield tag="801" ind1=" " ind2="0">
    <subfield code="a">RU</subfield>
    <subfield code="b">NLR</subfield>
    <subfield code="c">20020518</subfield>
    <subfield code="g">PSBO</subfield>
  </datafield>
  <datafield tag="801" ind1=" " ind2="1">
    <subfield code="a">RU</subfield>
    <subfield code="b">NLR</subfield>
    <subfield code="c">20020518</subfield>
  </datafield>
  <datafield tag="942" ind1=" " ind2=" ">
    <subfield code="c">BOOK</subfield>
  </datafield>
  <datafield tag="980" ind1=" " ind2=" ">
    <subfield code="a">NB</subfield>
  </datafield>
  <datafield tag="995" ind1=" " ind2=" ">
    <subfield code="5">2004-05-18</subfield>
    <subfield code="a">ab</subfield>
    <subfield code="b">NLR02</subfield>
    <subfield code="c">NLR02</subfield>
    <subfield code="e">EST</subfield>
    <subfield code="f">688065</subfield>
    <subfield code="k">&#x42D; &#x41A;&#x41B;452/2001</subfield>
    <subfield code="o">0</subfield>
    <subfield code="r">BOOK</subfield>
    <subfield code="s">_4522001</subfield>
  </datafield>
  <datafield tag="995" ind1=" " ind2=" ">
    <subfield code="5">2002-05-18</subfield>
    <subfield code="a">ab</subfield>
    <subfield code="b">NLR02</subfield>
    <subfield code="c">NLR02</subfield>
    <subfield code="e">EST</subfield>
    <subfield code="f">269027</subfield>
    <subfield code="k">&#x42D; &#x41A;&#x41B;452/2001</subfield>
    <subfield code="o">0</subfield>
    <subfield code="r">BOOK</subfield>
    <subfield code="s">_4522001</subfield>
  </datafield>
</record>
